| 000 | 01076 a2200193 4500 | ||
|---|---|---|---|
| 001 | 29287 | ||
| 005 | 20260407155602.0 | ||
| 008 | 260407a1981 arg spa d | ||
| 003 | AR-UNSa-BCEJYS | ||
| 040 |
_aAR-UNSa-BCEJYS _bspa _cAR-UNSa-BCEJYS |
||
| 080 |
_a657.23 _xCompensaciones. Correcciones. Ajustes (devaluación monetaria) |
||
| 245 | 1 | 0 | _aAjuste monetario de estados contables |
| 264 | 1 |
_aBuenos Aires : _bEl Ateneo _c1981 |
|
| 300 |
_a292 p. _c23 cm. |
||
| 505 | _a1. Efectos de la inflación sobre los estados contables - 2. El ajuste monetario de los estados contables - 3. Un caso sencillo - 4. Ajuste de los bienes de cambio - 5. Ajuste de los bienes de uso - 6. Ajuste de las cuentas en moneda extranjera - 7. Ajustes varios - 8. Ajustes de las cuentas del patrimonio neto - 9. Ajuste de las cuentas de resultado - 10. Un caso mas complicado - 11. El metodo simplificado - 12. Presentación de los estados contables ajustados - 13. Ajuste impositivo por inflación. | ||
| 942 | _cBK | ||
| 590 | _aniveau_biblio:m niveau_hierar:0 | ||
| 100 | 1 | _aCholvis, Francisco | |
| 999 |
_c1837 _d1837 |
||